[Event "CAN-ch op"]
[Site "Sackville"]
[Date "2001.07.12"]
[Round "7"]
[White "Puiras, Jarmo"]
[Black "Berman, Daniel"]
[Result "0-1"]
[WhiteElo "1862"]
[BlackElo "2205"]
[PlyCount "82"]
[EventDate "2001.07.??"]
[EventType "swiss"]
[EventRounds "10"]
[EventCountry "CAN"]
[SourceTitle "EXT 2006"]
[Source "ChessBase"]
[SourceDate "2005.11.24"]
[SourceVersion "1"]
[SourceVersionDate "2005.11.24"]
[SourceQuality "1"]

1. e4 e6 2. d4 d5 3. exd5 exd5 4. Nf3 Bd6 5. Nc3 Ne7 6. Bd3 Nbc6 7. Nb5 Bg4 8. c3 Qd7 9. h3 Bh5 10. Nxd6+ Qxd6 11. Be3 0-0-0 12. g4 Bg6 13. Qc2 Qf6 14. Nd2 h5 15. 0-0-0 Rh7 16. g5 Qe6 17. Rde1 Rhh8 18. Bf4 Qd7 19. Nb3 b6 20. h4 Kb8 21. f3 Bxd3 22. Qxd3 g6 23. Qd2 Nf5 24. Qh2 Rde8 25. Kd2 Kb7 26. Nc1 Rxe1 27. Rxe1 Re8 28. Rxe8 Qxe8 29. Nd3 Qe7 30. Qh1 Na5 31. b3 Qa3 32. Nb4 c5 33. dxc5 bxc5 34. Qf1 Qb2+ 35. Nc2 Kb6 36. Qe2 d4 37. cxd4 Nxd4 38. Qd3 Nac6 39. Qc3 Qxa2 40. Kd3 Nxc2 41. Ke2 N2d4+ 0-1